|
|
|
|
| LEADER |
00000nam0a2200000 4500 |
| 001 |
103999 |
| 005 |
20231031113825.0 |
| 010 |
|
|
|a 5020300101
|
| 020 |
|
|
|a RU
|b 91-37839
|
| 035 |
|
|
|a (RuTPU)RU\TPU\book\112110
|
| 090 |
|
|
|a 103999
|
| 100 |
|
|
|a 20061025d1991 km y0rusy5003 ca
|
| 101 |
0 |
|
|a rus
|
| 102 |
|
|
|a RU
|
| 105 |
|
|
|a a z 001zy
|
| 200 |
1 |
|
|a Моделирование и расчет термопластического состояния мерзлых пород
|f М. М. Дубина, Ю. А. Черняков
|g Сибирское отделение АН СССР; Институт мерзлотоведения; под ред. Ю. В. Немировского
|
| 210 |
|
|
|a Новосибирск
|c Наука
|c Сиб. отд-ние
|d 1991
|
| 215 |
|
|
|a 116,[3] с.
|c ил.
|
| 320 |
|
|
|a Библиогр.: с. 114-117 (72 назв.)
|
| 610 |
1 |
|
|a грунты мерзлые
|
| 610 |
1 |
|
|a пластичность
|
| 610 |
1 |
|
|a математические исследования
|
| 610 |
1 |
|
|a моделирование
|
| 610 |
1 |
|
|a термопластичность
|
| 610 |
1 |
|
|a мерзлые породы
|
| 675 |
|
|
|a 531ю345
|z rus
|
| 700 |
|
1 |
|a Дубина
|b М. М.
|g Михаил Михайлович
|4 070
|
| 701 |
|
1 |
|a Черняков
|b Ю. А.
|4 070
|
| 702 |
|
1 |
|a Немировский
|b Ю. В.
|4 340
|
| 712 |
0 |
2 |
|a Академия наук СССР (АН СССР)
|b Сибирское отделение (СО)
|b Институт мерзлотоведения (ИМЗ)
|c (Якутск)
|2 stltpush
|3 (RuTPU)RU\TPU\col\12256
|
| 801 |
|
0 |
|a RU
|b RuMRKP
|c 19950417
|g psbo
|
| 801 |
|
1 |
|a RU
|b 63413507
|c 20061025
|g PSBO
|
| 801 |
|
2 |
|a RU
|b 63413507
|c 20080626
|g PSBO
|
| 942 |
|
|
|c BK
|